00461nam a2200181Ia 450000500170000000800410001702000180005804100080007608200140008410000140009824500380011226000420015030000080019244000240020050000290022465000120025370000140026520251118153251.0230125s9999 xx 000 0 und d a81-7167-874-2 aeng a158.1bSG aSita Gita aSita Gita speaks on social graces c2002bRupa & Co. PublisheraNew Delhi a66p aSita gita speaks on aPersonality Development, aGeneral aSita Gita